Guess the Footballer's surname by the First Name - Statistics

General Stats
  • This quiz has been taken 1,525 times
    1,521 since last reset
  • The average score is 42 of 82
Answer Stats
First Name Surname % Correct
Lionel Messi
100%
Gareth Bale
98%
Kevin de Bruyne
93%
Cristiano Ronaldo
93%
Angel di Maria
81%
Wayne Rooney
80%
Alexis Sanchez
79%
Raheem Sterling
77%
Eden Hazard
76%
Thiago Silva
75%
David Silva
75%
Zlatan Ibrahimovic
74%
Mesut Ozil
74%
Arjen Robben
74%
Gianluigi Buffon
73%
Luis Suarez
73%
Didier Drogba
71%
Arturo Vidal
71%
Edinson Cavani
70%
Sergio Ramos
69%
Iker Casillas
68%
Manuel Neuer
68%
Jordi Alba
67%
Samuel Eto'o
65%
Andres Iniesta
65%
Riyad Mahrez
65%
Luka Modric
65%
Paul Pogba
65%
Karim Benzema
64%
Vincent Kompany
63%
Thomas Muller
61%
James Rodriguez
61%
Richardo Rodriguez
61%
Cesc Fabregas
59%
Miroslav Klose
58%
Robin van Persie
58%
Toni Kroos
57%
Diego Costa
56%
Mats Hummels
55%
Xherdan Shaqiri
55%
Philipp Lahm
54%
Axel Witsel
53%
Dani Alves
51%
Mario Balotelli
51%
Jerome Boateng
49%
Robert Lewandowski
48%
Sergio Busquets
47%
Giorgio Chiellini
44%
Hugo Lloris
44%
Gerard Pique
44%
Bacary Sagna
43%
Philippe Coutinho
42%
Mario Gomez
42%
Sergio Aguero
40%
Jesus Navas
39%
Arda Turan
38%
Clint Dempsey
37%
Andrea Pirlo
37%
Franck Ribery
37%
Keisuke Honda
35%
Miralem Pjanic
35%
Ivan Rakitic
35%
Ramadel Falcao
33%
Javier Hernandez
33%
Sami Khedira
33%
Juan Mata
31%
Marco Reus
31%
Joe Hart
30%
Cesar Azpilicueta
29%
Mario Gotze
29%
David de Gea
28%
Javier Mascherano
25%
David Luiz
23%
David Alaba
20%
Graziano Pelle
20%
Gary Cahill
14%
Diego Godin
11%
Georgios Samaras
7%
Sunil Chhetri
6%
Ji Dong-won
1%
Igor Denisov
0%
Mehrad Oladi
0%
No matching quizzes found
Score Distribution
Percent of People with Each Score
Percentile by Number Answered
Your Score History
You have not taken this quiz since the last reset